00360nam a2200145Ia 4500003000400000005001700004008004100021020001800062041000800080082002700088100001400115245003900129260003700168300000900205OSt20240206153121.0230519s9999 xx 000 0 und d a9789350258781 aeng aCH/610.7343/CLE/DB0208 aClement I aManual of Community Health Nursing bJaypee BrothersaNew Delhic2012 a459p